Science Quiz

Random Science or Computer Quiz
Score 0/15 Timer 02:00
1 Play Today
% Correct
Keyboard
92.2%
Mouse
91.3%
Speakers
90.4%
Monitor
89.2%
Case
85.1%
Mainboard|Motherboard
82.1%
Power supply
78.1%
DVD ROM drive
76.2%
% Correct
RAM
69.7%
Hard disk drive
69.6%
Sound card
69.5%
CPU fan
68.7%
Internal All-in-one reader
66.5%
CPU
65.1%
Graphics card
56.4%
Remove Ads.
Support Sporcle.
Get the best of Sporcle when you Go Orange. This ad-free experience offers more features, more stats, and more fun while also helping to support Sporcle. Thank you for becoming a member.

You're not logged in!

Compare scores with friends on all Sporcle quizzes.
OR
Log In

Show Comments

Extras

Top Quizzes Today


Score Distribution

Your Account Isn't Verified!

In order to create a playlist on Sporcle, you need to verify the email address you used during registration. Go to your Sporcle Settings to finish the process.

Report this User

Report this user for behavior that violates our Community Guidelines.

Details: